000 00689nmm a2200277 a 4500
003 AR-BaBNM
005 20251128203424.0
008 107019s1974 ||||||||||||||000 | spa||
040 _cAR-BaBNM
100 1 _aCanedo, Alfredo
245 1 0 _aAspectos del pensamiento político de Leopoldo Lugones
250 _a1ª ed.
260 _aBuenos Aires
_bMarcos
_c1974
300 0 _a141 p.
650 4 _aGENERACION DE 1880
650 4 _aHISTORIA DE LAS IDEAS
650 4 _aSOCIALISMO
650 4 _aIDEOLOGIAS
650 4 _aTEORIA
650 4 _aCIENCIAS POLITICAS
650 4 _aANARQUISMO
650 4 _aSISTEMAS POLITICOS
650 4 _aSOCIEDAD
942 _cBK
998 _cmariana
999 _c3319
_d3319